KOHA-Header-6

Object- Oriented Ayatems Analysis And Design Using UML (Record no. 6316)

000 -LEADER
fixed length control field 00291nam a2200109Ia 4500
100 ## - MAIN ENTRY--AUTHOR NAME
Personal name Bennett
245 #0 - TITLE STATEMENT
Title Object- Oriented Ayatems Analysis And Design Using UML
260 ## - PUBLICATION, DISTRIBUTION, ETC. (IMPRINT)
Place of publication New Jersey
Name of publisher Willey Student
Year of publication 2002
300 ## - PHYSICAL DESCRIPTION
Number of Pages 612
942 ## - ADDED ENTRY ELEMENTS (KOHA)
Koha item type Books
Holdings
Withdrawn status Lost status Collection code Permanent Location Current Location Shelving location Date acquired Full call number Accession Number Koha item type
    Computer Science MAJU MAJU   2019-09-07 005.177 5298 Computer Science

Powered by Koha